Análisis comparativo entre muros de retención de mampostería reforzada y muros de retención de mampostería con suelo reforzado
Furkejuvvon:
| Váldodahkki: | |
|---|---|
| Materiálatiipa: | Girji |
| Giella: | Spanish |
| Almmustuhtton: |
[San José], Costa Rica
2013
|
| Fáttát: | |
| Fáddágilkorat: |
Lasit fáddágilkoriid
Eai fáddágilkorat, Lasit vuosttaš fáddágilkora!
|
MARC
| LEADER | 00000nam a22000007a 4500 | ||
|---|---|---|---|
| 003 | 011643 | ||
| 005 | 20221231143918.0 | ||
| 008 | 151009b2013 cr a|||| |||| 00| 0 spa d | ||
| 040 | |c cru CEDI | ||
| 090 | |a TFG 6813 | ||
| 100 | |9 1448 |a Vargas Naranjo, Jessica | ||
| 245 | |a Análisis comparativo entre muros de retención de mampostería reforzada y muros de retención de mampostería con suelo reforzado | ||
| 260 | |a [San José], Costa Rica |c 2013 | ||
| 500 | |a Proyecto de graduación (licenciatura en ingeniería civil)--Universidad de Costa Rica. Facultad de Ingeniería. Escuela de Ingeniería Civil | ||
| 648 | |x MUROS DE CONTENCION - DISEÑO Y CONSTRUCCION - COSTA RICA |x MUROS DE CONTENCION - PRUEBAS |x MAMPOSTERIA - MANUALES |x ESTABILIDAD DE ESTRUCTURAS |9 1449 | ||
| 942 | |c TFG | ||
| 999 | |c 14130 |d 14130 | ||
